Soil mechanics (Record no. 189280)
[ view plain ]
| 000 -LEADER | |
|---|---|
| fixed length control field | 00362nam a2200133Ia 4500 |
| 008 - FIXED-LENGTH DATA ELEMENTS--GENERAL INFORMATION | |
| fixed length control field | 220217s9999||||xx |||||||||||||| ||und|| |
| 020 ## - INTERNATIONAL STANDARD BOOK NUMBER | |
| International Standard Book Number | 9788126539918 |
| 082 ## - DEWEY DECIMAL CLASSIFICATION NUMBER | |
| Classification number | 627.5 LAM |
| 100 ## - MAIN ENTRY--PERSONAL NAME | |
| Personal name | Lambe, William, T and Whitman, Robert, V |
| 245 #0 - TITLE STATEMENT | |
| Title | Soil mechanics |
| 260 ## - PUBLICATION, DISTRIBUTION, ETC. | |
| Place of publication, distribution, etc. | Wiley india |
| Name of publisher, distributor, etc. | New Delhi |
| Date of publication, distribution, etc. | 2018 |
| 300 ## - PHYSICAL DESCRIPTION | |
| Extent | X, 549p. |
| Other physical details | 1295 |
| 650 ## - SUBJECT ADDED ENTRY--TOPICAL TERM | |
| Topical term or geographic name entry element | Mechanics |
| Withdrawn status | Lost status | Damaged status | Not for loan | Collection code | Home library | Current library | Date acquired | Total Checkouts | Full call number | Barcode | Date last seen | Date last checked out | Price effective from | Koha item type |
|---|---|---|---|---|---|---|---|---|---|---|---|---|---|---|
| Civil Engineering | Central Library | Central Library | 02/18/2022 | 1 | 627.5 LAM | 24469 | 05/27/2023 | 05/11/2023 | 02/18/2022 | Books |